Statistics for Historical Figures

Click here to take the quiz!

General Stats

  • This quiz has been taken 44 times
  • The average score is 17 of 18

Answer Stats

HintAnswer% Correct
Nazi supremist who ruled Germany during WW2 and had strong views.Adolf Hitler
100%
German-born theoretical physicist who developed theory of relativity.Albert Einstein
100%
32nd president of the United States, known as FDR.Franklin D Roosevelt
100%
First President of The United States Of America.George Washington
100%
Civil rights activist known for his speech "I Had A Dream"Martin Luther King
100%
English poet who wrote "Romeo and Juliet"William Shakespeare
100%
British Prime Minister who won the War in 1945.Winston Churchill
100%
American President assassinated in November 1963.John F Kennedy
97%
Ruled the Soviet Union in the mid 1920's.Joseph Stalin
97%
South African world leader who was imprisoned in the 90sNelson Mandela
97%
English queen who was last of the five monarchs of the House of Tudor.Elizabeth I
95%
Indian lawyer who was a pacifist and led India to independence from Britain.Mohandas Gandhi
95%
American black woman who campaigned against racism on buses.Rosa Parks
95%
Driving force for the anti-trust policy and 26th president of the United States.Theodore Roosevelt
95%
Inventor of the light bulb, widely regarded as America's greatest inventor.Thomas Edison
87%
British American polymath who was one of Founding Fathers of the United States.Benjamin Franklin
85%
English monarch who has six wives, two beheaded, two divorced and two survived.Henry VIII
82%
Commander of Confederate states during the Civil War.Robert E Lee
79%

Score Distribution

Percentile by Number Answered

Percent of People with Each Score

Your Score History

You have not taken this quiz